| 000 | 00433nam a2200145 i 4500 | ||
|---|---|---|---|
| 001 | 85959 | ||
| 003 | ES-MaACL | ||
| 007 | t| | ||
| 008 | 041203s1926 gw ||||1| ger d | ||
| 100 | 1 |
_aKellermann, Bernhard. _967775 |
|
| 245 | 1 | 4 |
_aDer tunnel _b: roman / _cvon Bernhard Kellermann. |
| 260 |
_aBerlin : _bS. Fischer, _c[1926] ( _eLeipzig : _fGrebner & Schramm]) |
||
| 300 |
_a402 p. ; _c21 cm. |
||
| 852 |
_aES-MaACL _jE-5895 _bR.90496 |
||
| 999 |
_c85959 _d85959 |
||